000 00245nam a2200109Ia 4500
008 151213s9999 xx 000 0 und d
245 _aSystem Product CMS Prime
260 _bLBM
_c1986
300 _a2985 p.
650 _aReference
999 _c2072
_d2072